000 00327 a2200157 4500
001 183193
020 _a
040 _cMagnum
100 _aPortes, Max de Figueiredo
240 1 0 _aÀ sombra da noite
_lpor
245 1 0 _aÀ sombra da noite
300 _a136
362 0 _a1987
697 _aLITERATURA GERAL
942 _cBK
999 _c183193
_d183193